Azeri-Press News Agency

Detalles Bibliográficos
Formato: eBook
Lenguaje:inglés
Publicado: Pakistǹ AsiaNet Pakistan (Pvt) Ltd. 2014
Materias:
Acceso en línea:Acceso restringido

MARC

LEADER 00000nam a22000007a 4500
005 2015120302572.0
007 cr|z|| ||u|
008 151203s20149999pk d||nos|||| 0||| 1eng d
035 |a 11587 
040 |a vLex 
090 |c 5729  |d 5729 
245 1 0 |a Azeri-Press News Agency  |h [Recurso electrn̤ico] /  |c AsiaNet Pakistan (Pvt) Ltd. 
256 |a Servicio en ln̕ea  
260 |a Pakistǹ  |b AsiaNet Pakistan (Pvt) Ltd.  |c 2014 
300 |a 1 recurso electrn̤ico  
506 1 |a Contenido solo disponible en los productos indicados   |d vLex Global  |d vLex Global (Academic Edition, excluding Law Schools)  |d vLex Global (U.S. Academic Edition, Law Schools)  |d vLex Global (U.S. Academic Edition, excluding Law Schools)  |d vLex Global (Academic Edition, Law Schools) 
650 0 4 |a Noticias   |z Pakistǹ  
740 0 |a vLex revista (servicio en ln̕ea) 
856 4 0 |u http://vlex.com/source/azeri-press-news-agency-11587/section/001  |z Acceso restringido  
942 |c REV 
999 0 |a News